| 000 | 00666nam a2200229 a 4500 | ||
|---|---|---|---|
| 999 |
_c751 _d751 |
||
| 008 | 191028s2012 ii a|||g |||| 00| 0 eng d | ||
| 020 |
_a9780071329811 _cRs. 375.00 |
||
| 040 |
_aKO _beng |
||
| 041 | 0 | _aeng | |
| 044 | _aii | ||
| 082 | 0 | 4 |
_223 _a604.2 _bAg81 |
| 100 | 1 | _aAgrawal, Basant | |
| 245 | 1 | 0 |
_aEngineering Graphics / _cBasant Agrawal, C. M. Agrawal |
| 260 |
_aNew Delhi : _bTata McGraw Hill Education Private Limited, _c2012 |
||
| 300 |
_aVarious pagination : _bill. ; _c24 cm. |
||
| 650 | 0 |
_aGeometry, Descriptive _vTextbooks |
|
| 650 | 0 |
_aMechanical drawing _vTextbooks |
|
| 700 | 1 |
_aAgrawal, C. M. _eaut |
|
| 904 | _aS_JOY | ||
| 942 | _cBK | ||